000 00225nam a22000857a 4500
008 160922b xxu||||| |||| 00| 0 eng d
100 _9706
_aPrakash.S.etal.
245 _aSocial Science-X
260 _aNew Delhi
_bAP Publications
_c2009
999 _c3363
_d3363